| 000 | 00794nam a2200241 a 4500 | ||
|---|---|---|---|
| 999 |
_c1972 _d1972 |
||
| 001 | 13036 | ||
| 003 | BD-DhUAP | ||
| 005 | 20200218142149.0 | ||
| 008 | 200202m20072008bg 001 0 eng d | ||
| 020 | _a9789848822012 | ||
| 040 |
_aBD-DhUAP _cBD-DhUAP _dBD-DhUAP _bEng |
||
| 082 | 0 | 0 |
_a341.48 WOM _223 |
| 245 |
_aWomen's rights in Islam : _breligious and cultural views secular perceptions / _cedited by Maimul Ahsan Khan. |
||
| 260 |
_aDhaka, Bangladesh : _bThe Nahar Light Foundation, _cc2009. |
||
| 300 |
_axi, 202 pages ; _c22 cm. |
||
| 500 | _aIncludes index. | ||
| 650 | 0 |
_aWomen (Islamic law) _vLegal and cultural aspects |
|
| 650 | 0 | _aWomen's rights | |
| 650 | 0 | _aWomen in Islam. | |
| 700 | _aKhan, Maimul Ahsan | ||
| 942 |
_2ddc _cBK |
||